000 00515nam a2200169 a 4500
001 000011946
005 20200929162629.0
008 091102s1980 dr 000 0 spa d
040 _aDO-SdBNP
_bspa
_cBNPHU
082 _axxxx
_bL453n
100 1 _aLebrón Saviñón, Carlos
_924855
245 1 0 _aNacimiento de auroras /
_cCarlos Lebrón Saviñón.
260 _aSanto Domingo :
_b[s.n.],
_c1980.
300 _a74 p. ;
_c21 cm.
500 _aIncluye datos biográficos del autor en la contracubierta
049 _aBNPD
999 _c11616
_d11616